000
00286nam a2200121Ia 4500
008
191201s2000 xx 000 0 und d
100
_a
GUPTA, Sen
245
0
_a
Weaving Calculations
260
_a
N.Delhi
_b
Tarapare vala
_c
2000
300
_a
346
650
_a
B.Tech(TE)
942
_2
ddc
_c
BK
999
_c
3422
_d
3422